000 01030cam a22002891 4500
999 _c6048
_d6048
001 8286362
003 GBCCL
005 20241126110555.0
008 740312s1932 enka b 000 0 eng
010 _a 32024717
035 _a(OCoLC)827052
040 _aDLC
_cPBm
_dOCoLC
_dDLC
042 _apremarc
050 0 0 _aDS485.A86
_bP3
082 _a305.8954
_bPAR
100 1 _aParry, N. E.
_q(Nevill Edward),
_d1884-
_910903
245 0 4 _aThe Lakhers /
_cby N. E. Parry. With an introduction and supplementary notes by Dr. J. H. Hutton.
260 _aAizawl:
_bFirma KLM Private Ltd.,
_c1976
300 _axx, 640 p.;
_billus., plates (part col.) fold. map, fold. geneal. tables.,
_c22cm.
500 _a"Published by direction of the government of Assam."
504 _aBibliography: p. 576-578.
650 0 _aLakher (Asian people)
_910904
650 0 _aAssam/Mizoram
_zIndia
_xSocial life and customs.
_910905
650 0 _aManners and customs
_910834
906 _a7
_bcbc
_coclcrpl
_du
_encip
_f19
_gy-gencatlg
942 _2ddc
_cBK